|
|
|
|
| LEADER |
00000nam a2200000 a 4500 |
| 001 |
UCR4655 |
| 003 |
CL-VaPUC |
| 008 |
980313e19350000AG |||||||||||||||||spa|d |
| 082 |
0 |
4 |
|a 342.81
|b LEG
|2 21
|
| 100 |
|
|
|a Legón, Faustino J
|e author
|9 405104
|
| 245 |
1 |
0 |
|a Constitución de los Estados Unidos del Brasil
|
| 300 |
|
|
|a 96 p
|
| 942 |
|
|
|c BK
|
| 945 |
|
|
|d 19980313 00:00:00
|a aolguin
|
| 260 |
|
|
|a Buenos Aires
|b Cervantes
|c 1935
|
| 600 |
0 |
7 |
|a CONGRESO NACIONAL DE BRASIL
|2 CL-VaPUC
|9 405105
|
| 650 |
|
0 |
|a Constitución política
|9 336925
|
| 650 |
|
7 |
|a ORGANIZACION FEDERAL
|2 CL-VaPUC
|9 405106
|
| 650 |
|
0 |
|a Funcionarios públicos
|9 405107
|
| 650 |
|
0 |
|a Poder legislativo
|9 258808
|
| 650 |
|
0 |
|a Poder ejecutivo
|9 255177
|
| 650 |
|
0 |
|a Presidentes
|9 255176
|
| 650 |
|
7 |
|a MINISTROS DE ESTADO
|2 CL-VaPUC
|9 405108
|
| 650 |
|
0 |
|a Poder judicial
|9 254871
|
| 650 |
|
0 |
|a Justicia
|9 255408
|
| 650 |
|
7 |
|a TRIBUNALES FEDERALES
|2 CL-VaPUC
|9 405109
|
| 583 |
|
|
|a last modification
|c 20130925 07:16:07
|k Rodrigo Vera
|
| 999 |
|
|
|c 267555
|d 267553
|
| 952 |
|
|
|0 0
|1 0
|4 0
|6 342_810000000000000_LEG_1935
|7 0
|8 X
|9 299948
|a BIBDER
|b BIBDER
|d 2019-11-20
|i 1961233
|o 342.81 LEG 1935
|p 1961233
|r 2023-01-25
|w 2019-11-20
|y BK_X
|k DER
|